| 000 | 00491nam a22001577a 4500 | ||
|---|---|---|---|
| 005 | 20241101075204.0 | ||
| 008 | 240606b |||||||| |||| 00| 0 eng d | ||
| 041 | _aEnglish | ||
| 082 | _a349 LAW | ||
| 100 | _lEnglish | ||
| 245 | _aThe Law Reports: Appeal Cases | ||
| 260 |
_aLondon: _bThe Incorporated Council of Law Reporting for England and Jones, _c1876 |
||
| 300 |
_bxviii, 816 pages; _c25 cm. |
||
| 650 |
_aLegal practice _bLaw |
||
| 942 |
_cBK _6ALISON_BN_VRIES |
||
| 999 |
_c1896 _d1896 |
||